Представление документа в формате MARC21

Поле Инд. ПП Название Значение
Тип записи a
Библиографический уровень m
001 Контрольный номер 4080330686fb45b7863906b4c32f4799
005 Дата корректировки 20180629122903.9
008 Кодируемые данные 140923|||||||||ru |||||||||||||||||rus||
020 a ISBN 978-5-86185-803-8
040 b Код языка каталог. rus
041 0_ a Код языка текста rus
084 a Индекс другой классификации/Индекс ББК 26.31+26.34
090 a Полочн. индекс 26.3
x Авторский знак Е 16
100 1_ a Автор Евзеров В. Я.
110 2_ a Организация/ юрисдикция Мурманский государственный технический университет
245 10 a Заглавие Минерагения рыхлого покрова северо-восточной части Балтийского щита
c Ответственность Федер. агентство по рыболовству, ФГБОУ ВПО "Мурман. гос. техн. ун-т" ; ФГБУН Геол. ин-т КНЦ РАН
b Продолж. заглавия [монография]
260 a Место издания Мурманск
b Издательство Изд-во МГТУ
c Дата издания 2014
300 a Объем 255 с.
b Иллюстрации/ тип воспроизводства ил.
500 a Примечание Имеется электрон. аналог 2014 г.
504 a Библиография Библиогр.: с. 225-255
583 x Служебное примечание Труды преподавателей МГТУ
650 04 a Основная рубрика Минерагения-Кольский регион-Монографии
651 _4 a Географическое наименование Кольский регион
653 0_ a Ключевые слова Месторождения полезных ископаемых
a Ключевые слова Месторождения Кольского региона
a Ключевые слова Месторождения строительных материалов
a Ключевые слова Балтийский щит
a Ключевые слова Восточно-Европейская платформа
a Ключевые слова Добыча жемчуга
a Ключевые слова Жемчужница европейская
a Ключевые слова Историческая геология
a Ключевые слова Ловозерский массив
a Ключевые слова Минерагения
a Ключевые слова Монографии
a Ключевые слова Органогенные полезные ископаемые
a Ключевые слова Полезные ископаемые
a Ключевые слова Россыпи Балтийского щита
a Ключевые слова Стратиграфия
a Ключевые слова Строение минералов
a Ключевые слова Труды преподавателей МГТУ
a Ключевые слова Хибинский массив
901 t Тип документа m
952 c Вид литературы монография